| 000 | 01021cab a2200205 4500 | ||
|---|---|---|---|
| 001 | ##L136536 | ||
| 008 | 070206n2007 000 0 eng u | ||
| 035 | _a(Sirsi) u136536 | ||
| 041 | 0 | _aeng | |
| 100 | 1 | _aFordham, Peter | |
| 245 | 0 | 0 | _aMarket forecast |
| 260 | _c2007 | ||
| 490 | 0 |
_aBuilding _v272(8465) 2 February 2007, 64-66(3) |
|
| 520 | _aDavis Langdon's Tender Price Index reveals building prices in Greater London increased by 2% in the fourth quarter 2006 and by 6% over the year. The Building Cost Index shows a rise of 5.9% in the year to the fourth quarter 2006, and the Retail Prices Index rose to 4.4% in December 2006. Article also provides a review of construction activity and material prices in 2006, a forecast of construction activity, input costs and tender prices for 2007, and a discussion about the polarising London market. | ||
| 590 | _aKA | ||
| 650 | 2 | 4 | _aDAVIS LANGDON TENDER PRICE INDEX |
| 651 | 4 |
_aUnited Kingdom _y |
|
| 690 | _aBUILT ENVIRONMENT-CONSTRUCTION MARKET | ||
| 942 | _n0 | ||
| 999 |
_c78337 _d78337 |
||